000 01121cab a2200253 4500
001 ABS40871
008 090401t1989 xxu||||| |||| 00| 0 eng d
035 _a(Sirsi) u26586
041 _aeng
100 _aVenables, P. et al
245 _aFocus on Liverpool
260 _c1989
350 _a0
490 _aEstates Gazette
_v(8918) 6 May 1989, 67-96(16)
520 _aReview of the current economic revival on Merseyside and activity in the retail, office and industrial sectors including the Albert Dock redevelopment now half-way through its 10-year programme. Describes the services available from the Property Shop , a council initiative showing the availability of council-owned premises. A register is also compiled of industrial land and buildings with details of properties available in Liverpool through local estate agents.
650 _aDOCKLANDS
650 _aFREEPORTS
650 _aMERSEYSIDE DEVELOPMENT CORPORATION
650 _aSPEKE ENTERPRISE ZONE
650 _aURBAN RENEWAL
690 _aPROPERTY-COMMERCIAL PROPERTY-COMMERCIAL PROPERTY MARKET
942 _n0
948 _c04/03/1997
999 _c17879
_d17879